000 00689nam a2200229 u 4500
005 20240228064339.0
008 190603s2011 es r 000 0 spa d
020 _a9788484704041
035 _aUPN01000230922
049 _aI
050 4 _aPZ28
_bS7.2
100 1 _aStehr, Frédéric,
_d1956-
_936555
245 1 0 _aDía de la colada /
_cFrédéric Stehr ; tr. de Julia Vinent.
260 _aBarcelona, Esp. :
_bCorimbo,
_cc2011.
300 _a[25] p. :
_bil. col.
534 _pTitulo original:
_tJour de lessive
650 4 _aLiteratura infantil francesa
_913687
650 4 _aLibros y lectura para niños
_92290
905 _aInfantil
999 _c203017
_d203017